| 000 | 00471nam a2200181Ia 4500 | ||
|---|---|---|---|
| 001 | 32587 | ||
| 008 | 140417s9999 xx 000 0 und d | ||
| 020 | _a0198529120 | ||
| 040 | _cPK-LaUMT | ||
| 082 |
_a 616.9792 _bELB-S |
||
| 100 | _aElbe, Stefan | ||
| 245 |
_aStrategic implications of HIV/AIDS _cElbe, Stefan |
||
| 260 |
_aOxford,USA: _bOxford University Press, _c2003 |
||
| 300 | _a78 p. | ||
| 546 | _aEN | ||
| 650 | _aAIDS (disease)-Social aspects | ||
| 942 | _cBK | ||
| 999 |
_c32223 _d32223 |
||